000 00582nam a2200253Ia 4500
005 20260121153739.0
008 008 260114s9999 xx 000 0 eng d
020 _a9780203398197
037 _aEBOOK
040 _aCRL
040 _beng
040 _cCRL
041 _2eng
041 _aeng
084 _qCRL
100 _aMaurice S. Friedman
_9998629
245 0 _aMartin Buber
260 _bTaylor and Francis
260 _c2003
856 _uhttp://www.taylorfrancis.com/books/9780203398197
942 _cEBOOK
999 _c1565449
_d1565449